Dark figures of Greek mythology - Statistics

General Stats
  • This quiz has been taken 282 times
  • The average score is 3 of 9
Answer Stats
Hint Answer % Correct
Goddess of witchcraft Hecate
89%
Man who killed his son to offer him as food to the gods Tantalus
49%
Tried to overthrow Zeus for the supremacy of the universe Typhon
32%
His consort Echidna
25%
Murderer who got transformed into a wolf Lycaon
24%
Tried to bed Hera; father of the centaurs Ixion
21%
Tried to sleep with Danaë; turned to stone by Perseus Polydectes
11%
Ugly deformed satyr Priapus
9%
Man who unknowingly ate his son as punishment for raping his sister in law Tereus
4%
No matching quizzes found
Score Distribution
Percent of People with Each Score
Percentile by Number Answered
Your Score History
You have not taken this quiz